| 000 -LEADER |
| fixed length control field |
00439nam a22001697a 4500 |
| 008 - FIXED-LENGTH DATA ELEMENTS--GENERAL INFORMATION |
| fixed length control field |
211228b ||||| |||| 00| 0 eng d |
| 020 ## - INTERNATIONAL STANDARD BOOK NUMBER |
| Terms of availability |
Rs.85.00 |
| 041 0# - LANGUAGE CODE |
| Language code of text/sound track or separate title |
eng |
| 100 ## - MAIN ENTRY--PERSONAL NAME |
| 9 (RLIN) |
1282 |
| Personal name |
Muthuswamy, P. |
| 245 10 - TITLE STATEMENT |
| Title |
Central Civil Service Pension rules |
| 250 ## - EDITION STATEMENT |
| Edition statement |
13th ed. |
| 260 ## - PUBLICATION, DISTRIBUTION, ETC. (IMPRINT) |
| Place of publication, distribution, etc |
Madras : |
| Name of publisher, distributor, etc |
Swamy Publishers p ltd, |
| Date of publication, distribution, etc |
1993. |
| 300 ## - PHYSICAL DESCRIPTION |
| Extent |
xiv,449 p. |
| 365 ## - TRADE PRICE |
| Price amount |
INR 85.00 |
| 650 #0 - SUBJECT ADDED ENTRY--TOPICAL TERM |
| Topical term or geographic name as entry element |
Labor laws and Legislation |
| 942 ## - ADDED ENTRY ELEMENTS (KOHA) |
| Item type |
Books |